Elements of the theory of completeness in propositional logic /
Guardado en:
| Autor Principal: | |
|---|---|
| Otros Autores: | |
| Formato: | Libro |
| Idioma: | English |
| Publicado: |
Katowice [Polonia] :
Silesian University,
1982.
|
| Etiquetas: |
Agregar Etiqueta
Sin Etiquetas, Sea el primero en etiquetar este registro!
|
| LEADER | 00721nam a22002175a 4500 | ||
|---|---|---|---|
| 001 | MAT.inmabb003909 | ||
| 008 | 060527s1982####pl#######b####001#0#eng#d | ||
| 005 | 20130215135527.0 | ||
| 245 | 1 | 0 | |a Elements of the theory of completeness in propositional logic / |c Witold A. Pogorzelski, Piotr Wojtylak. |
| 260 | |a Katowice [Polonia] : |b Silesian University, |c 1982. | ||
| 300 | |a 143 p. ; |c 24 cm. | ||
| 546 | |a Resumen en polaco. | ||
| 510 | 4 | |a MR, |c 84g:03001 | |
| 504 | |a Bibliografía: p. 138-[140]. | ||
| 500 | |a Incluye hoja con errata. | ||
| 020 | |a 8300003517 | ||
| 100 | 1 | |a Pogorzelski, Witold A. | |
| 700 | 1 | |a Wojtylak, Piotr. | |
| 084 | |a 03-01 (03B05) |2 msc2000 | ||
| 041 | 1 | |a eng |b pol | |
| 859 | |h 03 |i P746 |p A-5596 |b BIB. MATEMATICA | ||
